Logo BPK

Biblioteka

Politechniki Koszalińskiej

Südkurier / (Rekord nr 50632)

Szczegóły MARC
000 -ETYKIETA REKORDU
podpole kontrolne o stałej długości 00894nam a2200265 i 4500
001 - NUMER KONTROLNY REKORDU
pole kontrolne bgj
020 ## - MIĘDZYNARODOWY ZNORMALIZOWANY NUMER KSIĄŻKI - ISBN
ISBN 3596222281
040 ## - ŹRÓDŁO KATALOGOWANIA
Instytucja, która utworzyła rekord BPK
041 1# - KOD JĘZYKA
Kod języka tekstu ger
Kod języka oryginału fre
044 ## - KOD KRAJU WYDAWCY/PRODUCENTA
Kod kraju wydawcy/producenta DEU
080 ## - UNIWERSALNA KLASYFIKACJA DZIESIĘTNA - UKD
UKD 821.133.1
920 ## - Międzynarodowy znormalizowany numer książki – ISBN
ISBN 3-596-222281-1
008 - POLE O STAŁEJ DŁUGOŚCI - DANE KONTROLNE
podpole kontrolne o stałej długości s gw f |000 0 ger
100 1# - NAZWA OSOBOWA
Nazwa osobowa SAINT-EXUPERY, Antoine de.
245 10 - TYTUŁ/ODPOWIEDZIALNOŚĆ
Tytuł Südkurier /
Pozostałe elementy strefy tytułu i oznaczenia odpowiedzialności Antoine de Saint-Exupery ; [Der Roman "Südkurier" wurde aus dem Französichen übersetzt von Paul Graf Thun-Hohenstein ; Di "Frühen Schriften" wurden überstzt von Oswalt von Nositz].
246 ## - WARIANT TYTUŁU
Tytuł Frühe Schriften
250 ## - STREFA WYDANIA
Oznaczenie wydania Ungekürzte Ausgabe.
260 ## - STREFA ADRESU WYDAWNICZEGO
Miejsce wydania Frankfurt am Main :
Nazwa wydawcy/dystrybutora Fischer Taschenbuch Verlag,
Data publikacji, dystrybucji/powstania dokumentu 1980.
300 ## - STREFA OPISU FIZYCZNEGO
Objętość 157, [1] s. ;
Rozmiary 18 cm.
490 1# - STREFA SERII I DOKUMENTU WIELOCZĘŚCIOWEGO - FORMA NIE DO WYSZUKIWANIA
Tytuł i oznaczenie odpowiedzialności serii Fischer-Taschenbücherei
Numeracja w obrębie serii 2228
700 1# - HASŁO DODATKOWE - NAZWA OSOBOWA
Nazwa osobowa THUN-HOHENSTEIN, Paul.
700 1# - HASŁO DODATKOWE - NAZWA OSOBOWA
Nazwa osobowa NOSITZ, Oswalt von.
830 ## - HASŁO DODATKOWE SERII LUB DOKUMENTU WIELOCZĘŚCIOWEGO - TYTUŁ UJEDNOLICONY
Tytuł ujednolicony Fischer-Taschenbücherei
856 ## - LOKALIZACJA I DOSTĘP DO ELEKTRONICZNYCH DOKUMENTÓW ZDALNYCH
Link (URL) http://koha.tu.koszalin.pl/cgi-bin/koha/opac-detail.pl?biblionumber=50632
Tekst linku Katalog online BPK
942 ## - DODATKOWE ELEMENTY (KOHA)
Typ dokumentu Książka
Egzemplarze
Wycofany Status egzemplarza Uszkodzony Dostępność Lokalizacja stała Lokalizacja bieżąca Miejsce przechowywania Sygnatura Kod kreskowy Typ dokumentu
      Dostępny Biblioteka Politechniki Koszalińskiej Biblioteka Politechniki Koszalińskiej Wypożyczalnia Językowa N 675 02436081 Książka
© 2023 Biblioteka Politechniki Koszalińskiej :: KOHA